Follow That Line: Friends Quiz Stats

Quiz Updated Mar 2, 2018

Challenge
Share
Tweet
Embed
Score 0/30 Timer 09:00
9 Plays Today
% Correct
Ah, Sliced Bread, a wonderful Lady MacBeth.
95.3%
Oh, they said uh, 'You don't have insurance here so stop calling us.'
94.1%
Ah, the lesser known 'I Don't Have a Dream' speech.
92.8%
I don't suck at it. It sucks. You suck.
92.3%
So cute I'm thinking about jamming this pen in my eye.
91.7%
I thought you were Chandler.
90.9%
No thanks, I just had a jar of mustard.
90.6%
I'm sorry your wife is gay.
90.4%
That's a bad duck.
90%
You took off your pants and climbed under the sheets!
89.5%
Why is your family Ross?
88.8%
Well, I have kissed more than four women.
88.6%
Well, I'm sorry if I'm not a middle-aged black woman! And I'm also sorry if sometimes I go to the wrong audition!
87.3%
Yeah, and it's not that we don't like the comedian, it's that... that's not why we bought the ticket.
86.4%
Now, that's so funny, because last Christmas I got the gift of space. We should get them together and make a continuum.
86.3%
% Correct
That is so not my motto.
86.2%
Ross came in fourth and cried!
86%
All I have is oregano and a Fresca.
85.4%
Hey, I'm not judging here.
84%
Hey, you know what you should do? Take her back to the 1800's when that phrase was last used.
81.6%
What? Because that's your answer to everything?
81.6%
Of course you don't, sweetie. You're brand new.
80.9%
Fowl? No. Women? ...No.
78.8%
You don't know how that happened? Your dog thought my diaphragm was a chew toy.
77.2%
What, you never look down in the shower?
75.7%
Top of the world? Dock of the bay? ...I'm out.
75.4%
Whoa, whoa, prom night flashback.
70.6%
Stay out of my freezer.
66.5%
How do you find clothes that fit?
60%
Because I went to an all-boys high school and God is making up for it.
56.2%

You're not logged in!

Compare scores with friends on all Sporcle quizzes.
Sign Up with Email
OR
Log In

You Might Also Like...

Show Comments

Extras

Top Quizzes Today


Score Distribution

Your Account Isn't Verified!

In order to create a playlist on Sporcle, you need to verify the email address you used during registration. Go to your Sporcle Settings to finish the process.

Report this User

Report this user for behavior that violates our Community Guidelines.

Details: